UBT Library

Beginning ASP.NET 3.5 in VB 2008 : (Record no. 1345)

000 -LEADER
fixed length control field 00702nam a22002297a 4500
008 - FIXED-LENGTH DATA ELEMENTS--GENERAL INFORMATION
fixed length control field 151102b xxu||||| |||| 00| 0 eng d
020 ## - INTERNATIONAL STANDARD BOOK NUMBER
International Standard Book Number 9781590598924 (pbk.)
020 ## - INTERNATIONAL STANDARD BOOK NUMBER
International Standard Book Number 159059892X (pbk.)
041 0# - LANGUAGE CODE
Language code of text/sound track or separate title eng
080 ## - UNIVERSAL DECIMAL CLASSIFICATION NUMBER
Universal Decimal Classification number 004.272.23
100 1# - Rafti
Rafti MacDonald, Matthew.
245 10 - TITLE STATEMENT
Title Beginning ASP.NET 3.5 in VB 2008 :
Statement of responsibility, etc Matthew MacDonald.
246 30 - VARYING FORM OF TITLE
Title proper/short title ASP.NET 3.5 in VB 2008
250 ## -
-- 2nd ed.
260 ## -
-- Berkeley, Calif. :
-- Apress,
-- c2007.
300 ## -
-- xxxiii, 956 f. :
-- me ill. ;
-- 24 cm.
490 #0 -
-- Expert's voice in .NET
650 #0 -
-- Visual Basic.
650 #0 -
-- Microsoft .NET Framework.
650 #0 -
-- Zhvillimi i Webfaqeve
942 ## - ADDED ENTRY ELEMENTS (KOHA)
Source of classification or shelving scheme
Item type Books
Holdings
Withdrawn status Lost status Source of classification or shelving scheme Damaged status Not for loan Collection code Permanent location Current location Shelving location Date acquired Total Checkouts Full call number Barcode Date last seen Koha item type
          Koleksioni i përgjithshem UBT - Lipjan UBT - Lipjan Koleksioni i përgjithshem 11/02/2015   004.272.23 MAC 002-008632 07/31/2017 Books
UBT Library © 2015-2024. All rights reserved University Education for Business and Technology